000 00749nam a22001817a 4500
999 _c372150
_d372150
008 201127b ||||| |||| 00| 0 eng d
040 _aDE-2950
_bger
_cDE-2950
_erda
041 _ager
245 _a"Krankenhaus neu denken".
_bGesundheit. Bei einem "Praxisdialog" in Frankfurt wird Kritik an der vom Bund geplanten Reform laut. Ein Vorstand der Rhön Klinikum AG benennt die Herausforderungen. /
_cInes Weber-Rath.
264 _c2023
653 _aFrankfurt (Oder)
653 _aKrankenhaus
773 _dFrankfurt (Oder) Märkisches Verlags- und Druckhaus GmbH & Co KG
_tMärkische Oderzeitung
_g34. Jahrgang (2023) Nr. 17 vom 20.01.2023, S. 13: mit Foto
942 _cA